| 000 | 00712nam a2200205Ia 4500 | ||
|---|---|---|---|
| 001 | 12358 | ||
| 003 | GE_BSU | ||
| 008 | 181216s||||||||xx |||||||||||||| ||und|| | ||
| 040 | _cGE_BSU | ||
| 080 | _a632.7 | ||
| 245 | _aПособие по борьбе с вредителями и болезнями сельскохозяйсвенных культур | ||
| 245 | _cРед.П.К.Кавун | ||
| 250 | _a8-ое испр. | ||
| 260 | _aМосква | ||
| 260 | _bСельхозгиз | ||
| 260 | _c1955 | ||
| 300 | _a686стр.илл.21см. | ||
| 653 | _aПособие по борьбе с вредителями и болезнями сельскохозяйсвенных культур | ||
| 942 | _cBK | ||
| 999 |
_c45533 _d45533 |
||